[Event "Almunecar FEDC op 23th"]
[Site "Almunecar"]
[Date "2019.10.01"]
[Round "4"]
[White "Castillo Perez, Ana Maria"]
[Black "Jimenez Mahillo, David"]
[Result "0-1"]
[WhiteElo "1111"]
[BlackElo "1307"]
[PlyCount "74"]
[EventDate "2019.09.28"]
[EventType "swiss"]
[EventRounds "7"]
[EventCountry "ESP"]
[SourceTitle "EXT 2024"]
[Source "ChessBase"]
[SourceDate "2023.10.10"]
[SourceVersion "1"]
[SourceVersionDate "2023.10.10"]
[SourceQuality "1"]

1. e4 e5 2. Bc4 Nc6 3. c3 Nf6 4. Nf3 Nxe4 5. d3 Nf6 6. Ng5 d5 7. Bb3 h6 8. Nf3 Bc5 9. 0-0 Bg4 10. Nbd2 0-0 11. h3 Bf5 12. d4 exd4 13. cxd4 Nxd4 14. Bc2 Nxc2 15. Rb1 Ne3 16. fxe3 Bxe3+ 17. Kh1 Bxb1 18. Qe2 Re8 19. Nh4 Bg5 20. Qf2 Bg6 21. b4 Qd6 22. a3 Bd3 23. Rd1 Re6 24. Ndf3 Be4 25. Nd4 Re5 26. Nb5 Qb6 27. Qxb6 cxb6 28. Bxg5 Rxg5 29. Nc7 Rc8 30. Nb5 a5 31. bxa5 bxa5 32. Na7 Rc2 33. a4 Bxg2+ 34. Kg1 Bxh3+ 35. Kh1 Ng4 36. Nf3 Nf2+ 37. Kh2 Rg2# 0-1

[Event "Benidorm FEDC op 22th"]
[Site "Benidorm"]
[Date "2019.06.13"]
[Round "5"]
[White "Martinez Torres, Jose Manuel"]
[Black "Jimenez Mahillo, David"]
[Result "0-1"]
[WhiteElo "1466"]
[BlackElo "1294"]
[PlyCount "80"]
[EventDate "2019.06.09"]
[EventType "swiss"]
[EventRounds "7"]
[EventCountry "ESP"]
[SourceTitle "EXT 2024"]
[Source "ChessBase"]
[SourceDate "2023.10.10"]
[SourceVersion "1"]
[SourceVersionDate "2023.10.10"]
[SourceQuality "1"]

1. d4 d5 2. c4 c6 3. Nc3 Nf6 4. Nf3 Bf5 5. c5 Nbd7 6. Nh4 Be6 7. g3 b6 8. b4 bxc5 9. bxc5 Qa5 10. Bd2 Qc7 11. Bg2 Bg4 12. 0-0 e5 13. h3 Be6 14. Nf3 exd4 15. Bf4 Qa5 16. Na4 Nxc5 17. Nxc5 Bxc5 18. Nxd4 Bd7 19. Nb3 Qb6 20. Rc1 Be7 21. Be3 Qd8 22. Nc5 Bc8 23. Bd4 0-0 24. Qa4 Qc7 25. e4 Rd8 26. e5 Nd7 27. f4 Rb8 28. Na6 Bxa6 29. Qxa6 Nb6 30. Qa5 Qd7 31. f5 Rb7 32. f6 gxf6 33. exf6 Bd6 34. Qd2 Kh8 35. Qh6 Rg8 36. g4 Rg6 37. Qf8+ Bxf8 38. Rcd1 Rb8 39. Rf5 Re8 40. Rdf1 Re4 0-1

[Event "Almunecar FEDC op 21th"]
[Site "Almunecar"]
[Date "2018.10.04"]
[Round "3"]
[White "Pichel Jallas, Juan Jose"]
[Black "Jimenez Mahillo, David"]
[Result "1-0"]
[WhiteElo "1781"]
[BlackElo "1367"]
[PlyCount "27"]
[EventDate "2018.10.02"]
[EventType "swiss"]
[EventRounds "7"]
[EventCountry "ESP"]
[SourceTitle "EXT 2024"]
[Source "ChessBase"]
[SourceDate "2023.10.10"]
[SourceVersion "1"]
[SourceVersionDate "2023.10.10"]
[SourceQuality "1"]

1. d4 d5 2. c4 dxc4 3. e4 Nf6 4. Nc3 Nc6 5. Be3 Bg4 6. f3 Bh5 7. Bxc4 e5 8. Nge2 Bb4 9. d5 Ne7 10. Qa4+ c6 11. Qxb4 cxd5 12. Nxd5 Nexd5 13. exd5 Nxd5 14. Qb5+ 1-0

[Event "Almunecar FEDC op 21th"]
[Site "Almunecar"]
[Date "2018.10.02"]
[Round "1"]
[White "Gamiz Campana, Francisco Javier"]
[Black "Jimenez Mahillo, David"]
[Result "0-1"]
[WhiteElo "1750"]
[BlackElo "1367"]
[PlyCount "74"]
[EventDate "2018.10.02"]
[EventType "swiss"]
[EventRounds "7"]
[EventCountry "ESP"]
[SourceTitle "EXT 2024"]
[Source "ChessBase"]
[SourceDate "2023.10.10"]
[SourceVersion "1"]
[SourceVersionDate "2023.10.10"]
[SourceQuality "1"]

1. e4 e5 2. Nf3 Nc6 3. Bc4 Bc5 4. c3 Nf6 5. b4 Bb6 6. d3 d5 7. exd5 Nxd5 8. Qb3 Be6 9. 0-0 Qd6 10. Re1 0-0-0 11. Ng5 f6 12. Nxe6 Qxe6 13. a4 Qf5 14. Be3 Nf4 15. Bxf4 Qxf4 16. Ra2 a5 17. b5 Ne7 18. Rae2 Ng6 19. Nd2 h5 20. Nf3 h4 21. Re4 Qh6 22. d4 h3 23. Be6+ Kb8 24. Bxh3 exd4 25. cxd4 Nf4 26. Be6 Qg6 27. Rxf4 Rh5 28. d5 Rdh8 29. Rg4 Qh6 30. Qd3 Rxh2 31. Nxh2 Qxh2+ 32. Kf1 Qh1+ 33. Ke2 Qh5 34. Qf5 Qh2 35. Qg6 Qd6 36. Qxg7 Re8 37. Qd7 Qxd7 0-1

[Event "Benidorm FEDC op 20th"]
[Site "Benidorm"]
[Date "2018.06.14"]
[Round "5"]
[White "Jimenez Mahillo, David"]
[Black "Hernandez Lopez, Joaquin"]
[Result "1-0"]
[WhiteElo "1332"]
[BlackElo "1041"]
[PlyCount "95"]
[EventDate "2018.06.10"]
[EventType "swiss"]
[EventRounds "7"]
[EventCountry "ESP"]
[SourceTitle "CBM 184 Extra"]
[Source "ChessBase"]
[SourceDate "2018.06.28"]
[SourceVersion "1"]
[SourceVersionDate "2018.06.28"]
[SourceQuality "1"]

1. e4 e5 2. Nf3 Nc6 3. Bc4 Nf6 4. Nc3 Be7 5. d3 d6 6. h3 0-0 7. Be3 Na5 8. Bb3 Bd7 9. 0-0 c5 10. Nd5 Nxd5 11. Bxd5 Bc6 12. Bxc6 Nxc6 13. c3 b5 14. d4 Qc7 15. d5 Nd8 16. b3 Qa5 17. Qc2 Nb7 18. c4 a6 19. Bd2 Qb6 20. Ne1 Qd8 21. f4 Bh4 22. fxe5 dxe5 23. Nf3 Bg3 24. Bc3 Qd6 25. Qd3 Rad8 26. cxb5 c4 27. bxc4 Qc5+ 28. Kh1 axb5 29. cxb5 Nd6 30. Bxe5 Bxe5 31. Nxe5 f6 32. Nc6 Rd7 33. Rac1 Qb6 34. a4 Rdf7 35. Qd4 Qb7 36. Qb4 Qd7 37. Ra1 f5 38. exf5 Nxf5 39. Rf3 Qxd5 40. a5 Nh4 41. Rg3 Rf1+ 42. Rxf1 Rxf1+ 43. Kh2 Nf5 44. Ne7+ Nxe7 45. Qxe7 Rf7 46. Qg5 Qd6 47. b6 Rf2 48. Qxg7# 1-0

[Event "Benidorm FEDC op 20th"]
[Site "Benidorm"]
[Date "2018.06.11"]
[Round "2"]
[White "Jimenez Mahillo, David"]
[Black "Garcia Andrinal, Antonio"]
[Result "0-1"]
[WhiteElo "1332"]
[BlackElo "1701"]
[PlyCount "74"]
[EventDate "2018.06.10"]
[EventType "swiss"]
[EventRounds "7"]
[EventCountry "ESP"]
[SourceTitle "CBM 184 Extra"]
[Source "ChessBase"]
[SourceDate "2018.06.28"]
[SourceVersion "1"]
[SourceVersionDate "2018.06.28"]
[SourceQuality "1"]

1. e4 c5 2. Nc3 Nc6 3. f4 e6 4. Nf3 a6 5. a3 Qc7 6. d3 Nd4 7. Be2 Ne7 8. Be3 Nec6 9. 0-0 Be7 10. Rc1 0-0 11. Qe1 Qd8 12. Nd1 Nxf3+ 13. Bxf3 Bh4 14. Bf2 Bxf2+ 15. Nxf2 Qf6 16. Nh3 e5 17. f5 d6 18. Bg4 Bd7 19. c3 Ne7 20. b4 Bc6 21. c4 Rad8 22. Rd1 Ba4 23. Rd2 Nc6 24. Rb2 cxb4 25. axb4 Nd4 26. Qe3 Bc6 27. Qg5 b5 28. Qxf6 gxf6 29. Rc1 bxc4 30. Rxc4 Bb5 31. Rc3 Rc8 32. Ra3 Rc1+ 33. Kf2 Rfc8 34. Ke3 Nc2+ 35. Rxc2 R8xc2 36. Nf2 Re1+ 37. Kf3 Rf1 0-1

[Event "Benidorm Ciegos-ch 15th"]
[Site "Benidorm"]
[Date "2015.06.13"]
[Round "7"]
[White "Quintana Rodriguez, Eugenio"]
[Black "Jimenez Mahillo, David"]
[Result "0-1"]
[WhiteElo "1166"]
[BlackElo "1333"]
[PlyCount "40"]
[EventDate "2015.06.07"]
[EventType "swiss"]
[EventRounds "7"]
[EventCountry "ESP"]
[SourceTitle "CBM 167 Extra"]
[Source "ChessBase"]
[SourceDate "2015.09.14"]
[SourceVersion "1"]
[SourceVersionDate "2015.09.14"]
[SourceQuality "1"]

1. d4 d5 2. Nf3 Nc6 3. c4 Nf6 4. Nc3 e6 5. Bg5 h6 6. Bh4 Bb4 7. Qc2 b6 8. e3 Be7 9. Bd3 Nd7 10. Bxe7 Qxe7 11. 0-0 Nf6 12. Rac1 Bb7 13. Rfe1 0-0 14. a3 dxc4 15. Bxc4 Na5 16. Ba2 Bxf3 17. gxf3 c5 18. d5 exd5 19. Nxd5 Nxd5 20. Bxd5 Qg5+ 0-1

[Event "Benidorm FEDC op 14th"]
[Site "Benidorm"]
[Date "2014.06.12"]
[Round "5"]
[White "Jimenez Mahillo, David"]
[Black "Suarez Hernandez, Francisco"]
[Result "1-0"]
[WhiteElo "1230"]
[BlackElo "1560"]
[PlyCount "37"]
[EventDate "2014.06.08"]
[EventType "swiss"]
[EventRounds "7"]
[EventCountry "ESP"]
[SourceTitle "EXT 2016"]
[Source "ChessBase"]
[SourceDate "2015.10.08"]
[SourceVersion "1"]
[SourceVersionDate "2015.10.08"]
[SourceQuality "1"]

1. e4 e6 2. d4 c5 3. Nf3 Nc6 4. Nc3 cxd4 5. Nxd4 Nge7 6. f4 Nxd4 7. Qxd4 Nc6 8. Qf2 b6 9. Bd3 Bc5 10. Qg3 g6 11. a3 Be7 12. 0-0 a6 13. f5 0-0 14. Bh6 Re8 15. fxg6 fxg6 16. e5 Bb7 17. Bxg6 Bh4 18. Bf7+ Kh8 19. Qg7# 1-0

[Event "Benidorm FEDC op 14th"]
[Site "Benidorm"]
[Date "2014.06.11"]
[Round "4"]
[White "Jimenez Mahillo, David"]
[Black "Diez Arce, Pedro"]
[Result "1-0"]
[WhiteElo "1230"]
[BlackElo "1529"]
[PlyCount "63"]
[EventDate "2014.06.08"]
[EventType "swiss"]
[EventRounds "7"]
[EventCountry "ESP"]
[SourceTitle "EXT 2016"]
[Source "ChessBase"]
[SourceDate "2015.10.08"]
[SourceVersion "1"]
[SourceVersionDate "2015.10.08"]
[SourceQuality "1"]

1. e4 c5 2. Nc3 e6 3. f4 a6 4. a4 Nc6 5. Nf3 Qc7 6. d4 cxd4 7. Nxd4 d6 8. Nf3 Nf6 9. Bd3 Be7 10. 0-0 0-0 11. Qe1 Nd7 12. Qg3 Re8 13. f5 Nb4 14. Bh6 Bf8 15. Rac1 Nxd3 16. cxd3 Qb6+ 17. Rf2 Nf6 18. Nh4 exf5 19. Nxf5 Bxf5 20. exf5 Re5 21. Kh1 Ng4 22. Rf4 Nxh6 23. f6 Qxb2 24. Rff1 Rf5 25. Qe1 Rxf1+ 26. Qxf1 Ng4 27. Ne4 d5 28. Ng5 Nxf6 29. Re1 Re8 30. Rxe8 Nxe8 31. Qxf7+ Kh8 32. Qxf8# 1-0

[Event "Benidorm FEDC op 14th"]
[Site "Benidorm"]
[Date "2014.06.10"]
[Round "3"]
[White "Hernandez Lopez, Joaquin"]
[Black "Jimenez Mahillo, David"]
[Result "0-1"]
[WhiteElo "1175"]
[BlackElo "1230"]
[PlyCount "48"]
[EventDate "2014.06.08"]
[EventType "swiss"]
[EventRounds "7"]
[EventCountry "ESP"]
[SourceTitle "EXT 2016"]
[Source "ChessBase"]
[SourceDate "2015.10.08"]
[SourceVersion "1"]
[SourceVersionDate "2015.10.08"]
[SourceQuality "1"]

1. e4 e5 2. Nf3 Nc6 3. Nc3 Bc5 4. Bc4 Nf6 5. 0-0 0-0 6. Na4 Be7 7. Nc3 d6 8. a3 Bg4 9. Bb5 Nd4 10. Be2 Nxe2+ 11. Qxe2 Re8 12. d3 h6 13. h3 Bxf3 14. Qxf3 c6 15. b4 d5 16. exd5 cxd5 17. Ne2 Rc8 18. Qg3 Kf8 19. Bb2 Rxc2 20. Rae1 Rxb2 21. d4 Bd6 22. Qc3 Rxe2 23. Rxe2 exd4 24. Qxd4 Rxe2 0-1

[Event "Benidorm FEDC op 14th"]
[Site "Benidorm"]
[Date "2014.06.09"]
[Round "2"]
[White "Jimenez Mahillo, David"]
[Black "Garcia Andrinal, Antonio"]
[Result "0-1"]
[WhiteElo "1230"]
[BlackElo "1708"]
[PlyCount "50"]
[EventDate "2014.06.08"]
[EventType "swiss"]
[EventRounds "7"]
[EventCountry "ESP"]
[SourceTitle "EXT 2016"]
[Source "ChessBase"]
[SourceDate "2015.10.08"]
[SourceVersion "1"]
[SourceVersionDate "2015.10.08"]
[SourceQuality "1"]

1. e4 c5 2. Nc3 Nc6 3. f4 e6 4. Nf3 a6 5. a4 Nge7 6. Bc4 d5 7. exd5 Nxd5 8. d4 Be7 9. 0-0 cxd4 10. Ne2 Nf6 11. Kh1 0-0 12. Qe1 Qc7 13. Nexd4 Nxd4 14. Bd3 Nxc2 15. Qh4 Rd8 16. Be2 Nxa1 17. Ng5 h6 18. Nf3 Nb3 19. Be3 Nd5 20. Qf2 Nxe3 21. Qxe3 Nc5 22. b4 Nxa4 23. Qe4 Qc6 24. Qe3 Qb6 25. Bd3 Qxe3 0-1